Gender differences in court processing: a methodological comment

Gespeichert in:  
Bibliographische Detailangaben
1. VerfasserIn: Adams, Kenneth A. 1966- (Verfasst von)
Medienart: Druck Aufsatz
Sprache:Englisch
Veröffentlicht: 1986
In: Journal of research in crime and delinquency
Jahr: 1986, Band: 23, Heft: 3, Seiten: 295-304
Verfügbarkeit prüfen: HBZ Gateway
Schlagwörter:

MARC

LEADER 00000caa a2200000 c 4500
001 1636910513
003 DE-627
005 20220608113735.0
007 tu
008 140319s1986 xx ||||| 00| ||eng c
035 |a (DE-627)1636910513 
035 |a (DE-576)402457803 
035 |a (DE-599)BSZ402457803 
040 |a DE-627  |b ger  |c DE-627  |e rakwb 
041 |a eng 
100 1 |a Adams, Kenneth A.  |d 1966-  |0 (DE-588)1026173760  |0 (DE-627)726233331  |0 (DE-576)314917780  |4 aut 
109 |a Adams, Kenneth A. 1966-  |a Adams, Ken 1966-  |a Adams, Ken A. 1966-  |a Adams, Kenneth 1966-  |a Adams, Kenneth Alexander 1966- 
245 1 0 |a Gender differences in court processing  |b a methodological comment  |c Kenneth Adams 
264 1 |c 1986 
336 |a Text  |b txt  |2 rdacontent 
337 |a ohne Hilfsmittel zu benutzen  |b n  |2 rdamedia 
338 |a Band  |b nc  |2 rdacarrier 
773 0 8 |i In  |t Journal of research in crime and delinquency  |d Thousand Oaks [u.a.] : Sage, 1964  |g 23(1986), 3, Seite 295-304  |w (DE-627)130438405  |w (DE-600)700175-7  |w (DE-576)015931730  |x 0022-4278  |7 nnas 
773 1 8 |g volume:23  |g year:1986  |g number:3  |g pages:295-304 
951 |a AR 
ELC |b 1 
LOK |0 000 xxxxxcx a22 zn 4500 
LOK |0 001 3294742525 
LOK |0 003 DE-627 
LOK |0 004 1636910513 
LOK |0 005 20250505140211 
LOK |0 008 140319||||||||||||||||ger||||||| 
LOK |0 040   |a DE-21-110  |c DE-627  |d DE-21-110 
LOK |0 689   |a s  |a Geschlechtsrollen 
LOK |0 689   |a s  |a Strafprozess 
LOK |0 689   |a s  |a Strafzumessungsforschung 
LOK |0 852   |a DE-21-110 
LOK |0 852 1  |m p  |9 00 
LOK |0 935   |a k110 
LOK |0 938   |k p 
LOK |0 939   |a 19-03-14  |b l01 
ORI |a SA-MARC-krimdoka001.raw